00682nam a2200241 a 4500001001300000003000900013005001700022008004100039020001000080082001600090100001800106245006000124260003800184300000900222500003500231505001200266650001800278700001800296902000800314942000700322952009600329999001500425nice12345678IN_TiNIC20260116011526.0050524s1929 ista grs 000 0 trg  ac10000a894.35bCON aConnor, Ralph aGok Rehberi, Garbi Kanada Hayatindan Bir Roman, Turkish aIstanbulbSelamet Matbaasi.c1929 a223p aincludes index and biblioraphy2 aTurkish aTurkish Prose1 aConnor, Ralph bSRS cPS 00104070aHMIbHMId2007-06-04g100.00l0o894.35 CONp2080r2007-06-04w2026-01-16yARB c2318d2318